000 00839cab a2200229 4500
001 ABS42211
008 090401t1990 xxu||||| |||| 00| 0 eng d
035 _a(Sirsi) u35360
041 _aeng
100 _aZiemba, S.
245 _aDutch move up in Chicago
260 _c1990
350 _a0
490 _aWorld Property
_v, February 1990, 39-42(4)
520 _aInvestigates investment in the Chicago property market by Dutch institutional investors, Royal Dutch Shell , Gebouw BV , Janivo Group , Algemene Bank Nederland NV and the Shell Pension Fund . The buildings purchased by the Dutch are described and the general impact of foreign investment in Chicago is discussed.
650 _aINWARD
650 _aNETHERLANDS
650 _aUNITED STATES
690 _aOVERSEAS-NORTH AMERICA
942 _n0
948 _c04/03/1997
999 _c23162
_d23162